[Event "Varna op 6th"]
[Site "Varna"]
[Date "2012.07.11"]
[Round "1"]
[White "Triboulin, Boyann"]
[Black "Spassov, Liuben"]
[Result "0-1"]
[WhiteElo "1694"]
[BlackElo "2334"]
[PlyCount "42"]
[EventDate "2012.07.11"]
[EventType "swiss"]
[EventRounds "9"]
[EventCountry "BUL"]
[SourceTitle "CBM 149 Extra"]
[Source "ChessBase"]
[SourceDate "2012.08.24"]
[SourceVersion "1"]
[SourceVersionDate "2012.08.24"]
[SourceQuality "1"]

1. d4 Nf6 2. c4 e6 3. Nc3 Bb4 4. Qc2 0-0 5. a3 Bxc3+ 6. Qxc3 Qe8 7. g3 a5 8. Bg2 d6 9. Nf3 Nbd7 10. 0-0 a4 11. Re1 Ne4 12. Qc2 f5 13. Nd2 Nxd2 14. Bxd2 e5 15. e4 f4 16. c5 dxc5 17. dxe5 f3 18. Bh1 b6 19. Bf4 Rxf4 20. gxf4 Qg6+ 21. Kf1 Ba6+ 0-1

[Event "FRA-chT U20 16 GP Basse 1011"]
[Site "France"]
[Date "2011.06.12"]
[Round "8"]
[White "Triboulin, Boyann"]
[Black "Mamecier, Kevin"]
[Result "0-1"]
[WhiteElo "1697"]
[BlackElo "1651"]
[PlyCount "90"]
[EventDate "2010.06.20"]
[EventType "team-tourn"]
[EventRounds "11"]
[EventCountry "FRA"]
[SourceTitle "EXT 2015"]
[Source "ChessBase"]
[SourceDate "2014.11.20"]
[SourceVersion "1"]
[SourceVersionDate "2014.11.20"]
[SourceQuality "1"]
[WhiteTeam "Bois Colombes (U20)"]
[BlackTeam "Hyeres (U20)"]
[WhiteTeamCountry "FRA"]
[BlackTeamCountry "FRA"]

1. d4 d5 2. c4 e6 3. Nc3 Be7 4. Nf3 Nf6 5. e3 0-0 6. Bd2 c6 7. Rc1 Bb4 8. Bd3 a5 9. a3 Bxc3 10. Bxc3 dxc4 11. Bxc4 Ne4 12. Bd3 Nxc3 13. Rxc3 Nd7 14. 0-0 Qe7 15. h4 h6 16. g4 e5 17. dxe5 Nxe5 18. Nxe5 Qxe5 19. Kg2 Qe6 20. Rc4 h5 21. Re4 Qd5 22. f3 hxg4 23. fxg4 Rd8 24. Bc2 Qxe4+ 25. Bxe4 Rxd1 26. Rxd1 Bxg4 27. Rd4 Be6 28. Ra4 Bd5 29. Bxd5 cxd5 30. Rd4 Rd8 31. e4 Kf8 32. exd5 Ke7 33. Kf3 Kd6 34. Rf4 Rd7 35. Rg4 f6 36. Rd4 Re7 37. Re4 Rxe4 38. Kxe4 g6 39. Kd4 b5 40. b3 f5 41. a4 b4 42. Kc4 f4 43. Kd4 f3 44. Ke3 Kxd5 45. Kxf3 Kd4 0-1

[Event "FRA-chTB U20 1011"]
[Site "France"]
[Date "2010.12.20"]
[Round "7.2"]
[White "Macon, Arthur"]
[Black "Triboulin, Boyann"]
[Result "1-0"]
[WhiteElo "1981"]
[BlackElo "1700"]
[PlyCount "101"]
[EventDate "2010.11.20"]
[EventType "team-tourn"]
[EventRounds "7"]
[EventCountry "FRA"]
[SourceTitle "EXT 2012"]
[Source "ChessBase"]
[SourceDate "2011.11.24"]
[SourceVersion "1"]
[SourceVersionDate "2011.11.24"]
[SourceQuality "1"]
[WhiteTeam "Niort"]
[BlackTeam "Bois Colombes"]
[WhiteTeamCountry "FRA"]
[BlackTeamCountry "FRA"]

1. d4 d5 2. c4 e6 3. Nc3 Nf6 4. cxd5 exd5 5. Bg5 Be7 6. e3 0-0 7. Bd3 Nbd7 8. Qc2 b6 9. Nge2 c5 10. 0-0 Bb7 11. Rad1 Rc8 12. Bxf6 Nxf6 13. Bf5 Rc6 14. Nf4 cxd4 15. exd4 Bb4 16. Nfe2 Ba6 17. Bd3 Bxd3 18. Qxd3 Qd7 19. h3 Rfc8 20. a3 Bd6 21. Rfe1 h6 22. Qf3 Rc4 23. Kh1 Bb8 24. Ng3 b5 25. Nf5 Re8 26. Nxh6+ gxh6 27. Qxf6 Re6 28. Rxe6 fxe6 29. Qg6+ Kf8 30. Qxh6+ Ke7 31. Qg7+ Kd8 32. Qxd7+ Kxd7 33. g3 b4 34. axb4 Rxb4 35. Rd2 a5 36. Kg2 Ba7 37. Ne2 Ke7 38. h4 Kf6 39. f3 Ra4 40. g4 Rb4 41. f4 a4 42. h5 Bb8 43. h6 Kg6 44. g5 Ba7 45. Kf3 Rb3+ 46. Kg4 a3 47. bxa3 Rxa3 48. Rb2 Ra4 49. Rb7 Bxd4 50. Nxd4 Rxd4 51. Rg7# 1-0

[Event "FRA-chTB U20 1011"]
[Site "France"]
[Date "2010.11.21"]
[Round "3.2"]
[White "Triboulin, Boyann"]
[Black "Barbaras, Mathieu"]
[Result "1-0"]
[WhiteElo "1700"]
[BlackElo "2022"]
[PlyCount "137"]
[EventDate "2010.11.20"]
[EventType "team-tourn"]
[EventRounds "7"]
[EventCountry "FRA"]
[SourceTitle "EXT 2012"]
[Source "ChessBase"]
[SourceDate "2011.11.24"]
[SourceVersion "1"]
[SourceVersionDate "2011.11.24"]
[SourceQuality "1"]
[WhiteTeam "Bois Colombes"]
[BlackTeam "Bischwiller"]
[WhiteTeamCountry "FRA"]
[BlackTeamCountry "FRA"]

1. d4 Nf6 2. c4 e6 3. Nc3 Bb4 4. Qc2 d5 5. e3 c5 6. dxc5 0-0 7. Bd2 Nc6 8. Nf3 e5 9. cxd5 Nxd5 10. Nxe5 Bxc3 11. Bxc3 Nxe5 12. Bxe5 Qa5+ 13. Qd2 Qxc5 14. Bd4 Qe7 15. Bxg7 Kxg7 16. Qxd5 Rd8 17. Qb3 Be6 18. Bc4 Qg5 19. 0-0 Bxc4 20. Qxc4 Rac8 21. Qb4 Rc2 22. Rad1 Rxd1 23. Rxd1 Qf5 24. Qd4+ f6 25. f3 Kg6 26. a3 h5 27. Rd2 Rc1+ 28. Kf2 Qb1 29. Qe4+ Qxe4 30. fxe4 Kg5 31. Rd5+ Kg4 32. h3+ Kh4 33. Rf5 b6 34. Rxf6 Kg5 35. Rf7 Rc2+ 36. Kf3 a6 37. e5 Rxb2 38. Ke4 Rc2 39. Rf5+ Kg6 40. Rf6+ Kg7 41. Rxb6 Rxg2 42. Rxa6 Rg3 43. Ra7+ Kg6 44. Ra6+ Kg7 45. h4 Rg4+ 46. Kf5 Rxh4 47. Ra7+ Kg8 48. Kg6 Rg4+ 49. Kxh5 Rg3 50. e4 Kf8 51. Kh4 Rg2 52. Rd7 Ke8 53. Rd3 Ke7 54. Rg3 Re2 55. Kg5 Rxe4 56. Kf5 Ra4 57. Re3 Ra5 58. Ke4 Ke6 59. Kd4 Rd5+ 60. Kc4 Ra5 61. Kb4 Ra8 62. a4 Rb8+ 63. Kc5 Ra8 64. Ra3 Rc8+ 65. Kb6 Kxe5 66. a5 Rb8+ 67. Kc7 Rh8 68. a6 Kd5 69. a7 1-0

[Event "FRA-chTB U20 1011"]
[Site "France"]
[Date "2010.11.20"]
[Round "1.2"]
[White "Triboulin, Boyann"]
[Black "Messinger, Karl"]
[Result "0-1"]
[WhiteElo "1700"]
[BlackElo "1936"]
[PlyCount "138"]
[EventDate "2010.11.20"]
[EventType "team-tourn"]
[EventRounds "7"]
[EventCountry "FRA"]
[SourceTitle "EXT 2012"]
[Source "ChessBase"]
[SourceDate "2011.11.24"]
[SourceVersion "1"]
[SourceVersionDate "2011.11.24"]
[SourceQuality "1"]
[WhiteTeam "Bois Colombes"]
[BlackTeam "Mulhouse"]
[WhiteTeamCountry "FRA"]
[BlackTeamCountry "FRA"]

1. d4 Nf6 2. c4 e6 3. Nc3 Bb4 4. Qc2 0-0 5. Bg5 h6 6. Bh4 Nc6 7. e3 d6 8. a3 Bxc3+ 9. Qxc3 e5 10. Bd3 Qe7 11. Ne2 a5 12. 0-0 g5 13. Bg3 Nh5 14. d5 Nb8 15. f4 Nd7 16. b4 b6 17. Bf5 exf4 18. exf4 axb4 19. Qxb4 Nc5 20. Bxc8 Rfxc8 21. Qb2 Re8 22. Nd4 Nd3 23. Qd2 Qe4 24. Nb5 Qxc4 25. Nxc7 Nxg3 26. hxg3 Qxc7 27. Qxd3 Qc5+ 28. Kh2 Ra5 29. fxg5 Re5 30. Qf3 Ra7 31. gxh6 Rxd5 32. g4 Rg5 33. Rac1 Qe5+ 34. Kh1 Rg6 35. Qh3 Kh7 36. Qd3 Qg5 37. Qb3 Rxh6+ 38. Kg1 Kg7 39. Qxb6 Ra4 40. Qb3 Ra7 41. Qc3+ Kh7 42. Qd3+ Rg6 43. Rc3 Qxg4 44. Qh3+ Kg7 45. Qxg4 Rxg4 46. Rd3 Ra6 47. Rff3 Rg5 48. Kf2 d5 49. Rg3 Rxg3 50. Kxg3 Ra5 51. Kf4 Kf6 52. g4 Ra4+ 53. Kf3 Ke5 54. Ke3 f5 55. Kf3 d4 56. Kf2 Ke4 57. Ke2 Rc4 58. Kd2 Rc6 59. a4 Rh6 60. Ra3 Rh2+ 61. Kd1 d3 62. a5 Ke3 63. Kc1 Rh1+ 64. Kb2 Ke2 65. Ra2 Rh7 66. Kc3+ Ke3 67. a6 d2 68. Ra1 Rc7+ 69. Kb2 Ke2 0-1

[Event "FRA-chT U20a 0405"]
[Site "France"]
[Date "2005.05.14"]
[Round "8.9"]
[White "Triboulin, Boyann"]
[Black "Vernay, Gaspard"]
[Result "1-0"]
[WhiteElo "1410"]
[BlackElo "1120"]
[PlyCount "49"]
[EventDate "2004.11.19"]
[EventType "team"]
[EventRounds "11"]
[EventCountry "FRA"]
[SourceTitle "EXT 2006"]
[Source "ChessBase"]
[SourceDate "2005.11.24"]
[SourceVersion "1"]
[SourceVersionDate "2005.11.24"]
[SourceQuality "1"]

1. e4 e6 2. d4 d5 3. exd5 exd5 4. Nc3 Nf6 5. Nf3 Bd6 6. Bg5 c6 7. Bd3 Be6 8. 0-0 0-0 9. Ne5 Qc7 10. f4 Ne8 11. Qh5 g6 12. Qh4 f6 13. Bh6 Ng7 14. Ng4 Be7 15. Bxg7 Kxg7 16. Qh6+ Kg8 17. f5 Bd7 18. fxg6 Rf7 19. gxf7+ Kxf7 20. Qxh7+ Ke8 21. Qg8+ Bf8 22. Rae1+ Be6 23. Nxf6+ Ke7 24. Rxe6+ Kd8 25. Qxf8# 1-0

[Event "FRA-ch opB U18"]
[Site "Calvi"]
[Date "2005.04.??"]
[Round "5"]
[White "Triboulin, Boyann"]
[Black "Paoli, Jerome"]
[Result "1-0"]
[WhiteElo "1420"]
[BlackElo "1140"]
[PlyCount "63"]
[EventDate "2005.04.??"]
[EventType "swiss"]
[EventRounds "9"]
[EventCountry "FRA"]
[SourceTitle "EXT 2006"]
[Source "ChessBase"]
[SourceDate "2005.11.24"]
[SourceVersion "1"]
[SourceVersionDate "2005.11.24"]
[SourceQuality "1"]

1. e4 e5 2. Nf3 Nc6 3. Nc3 Nf6 4. Bb5 Bc5 5. Nxe5 Nxe5 6. d4 Bb4 7. dxe5 Nxe4 8. Qg4 Nxc3 9. Qxb4 Nd5 10. Qe4 Ne7 11. Bg5 h6 12. Bh4 0-0 13. 0-0-0 d6 14. exd6 cxd6 15. Bxe7 Qa5 16. Bxf8 Qxb5 17. Bxd6 Be6 18. Rd4 a5 19. a4 Qb6 20. Bf4 f5 21. Qd3 Rc8 22. Be3 Qc7 23. Bf4 Qf7 24. Rd8+ Rxd8 25. Qxd8+ Kh7 26. Qxa5 Ba2 27. b3 g5 28. Be5 Qe6 29. Kb2 b6 30. Qb5 Bxb3 31. cxb3 Qd7 32. Qxd7+ 1-0

[Event "FRA-chT U20 0405"]
[Site "Agneaux"]
[Date "2004.12.21"]
[Round "7.8"]
[White "Triboulin, Boyann"]
[Black "Savalle, Mathilde"]
[Result "1-0"]
[WhiteElo "1210"]
[BlackElo "1270"]
[PlyCount "57"]
[EventDate "2004.12.16"]
[EventType "team"]
[EventRounds "7"]
[EventCountry "FRA"]
[SourceTitle "EXT 2006"]
[Source "ChessBase"]
[SourceDate "2005.11.24"]
[SourceVersion "1"]
[SourceVersionDate "2005.11.24"]
[SourceQuality "1"]
[WhiteTeam "Bois Colombes"]
[BlackTeam "Sautron"]
[WhiteTeamCountry "FRA"]
[BlackTeamCountry "FRA"]

1. e4 e5 2. Nf3 Nc6 3. Nc3 Nf6 4. Bb5 Nd4 5. Nxe5 Nxb5 6. Nxb5 Nxe4 7. d4 d5 8. 0-0 Be7 9. Bf4 0-0 10. Nf3 c6 11. Nc7 Rb8 12. Nxd5 Ra8 13. Ne3 Be6 14. Ne5 f6 15. Nd3 Qxd4 16. c3 Qd8 17. f3 Nc5 18. Nxc5 Bxc5 19. Qe1 Re8 20. b4 Bd6 21. Rd1 Bd5 22. c4 Bxc4 23. Rxd6 Qc8 24. Rf2 Re7 25. Qc3 Bf7 26. Rfd2 Re8 27. Rd7 Be6 28. Rc7 Qb8 29. Rxg7+ 1-0